Update (Record no. 82501)

MARC details
000 -LEADER
fixed length control field 01418cam a22002535a 4500
001 - CONTROL NUMBER
control field L150421
008 - FIXED-LENGTH DATA ELEMENTS--GENERAL INFORMATION
fixed length control field 100712s2010 xxk 000 0 eng d
035 ## - SYSTEM CONTROL NUMBER
System control number (Sirsi) u150421
041 0# - LANGUAGE CODE
Language code of text/sound track or separate title eng
100 1# - MAIN ENTRY--PERSONAL NAME
Personal name Turner, David
245 00 - TITLE STATEMENT
Title Update
Remainder of title commercial property
260 ## - PUBLICATION, DISTRIBUTION, ETC.
Date of publication, distribution, etc. 2010
490 ## - SERIES STATEMENT
Series statement Solicitors Journal Property Focus
Volume/sequential designation June 2010, 23-24, (2)
520 ## - SUMMARY, ETC.
Summary, etc. Goldacre v Nortel, [2009] EWHC 3389 (Ch) (see L149729) treats the issue of administrators' liability for rent. The right to break after transferring property interests is dealt with in Linpac v Aviva [2010] EWCA Civ 395. Clarence House v National Westminster Bank [2009] EWCA Civ 1311 (see E149610) makes clear that virtual assignments do not affect the normal landlord's remedies. Good Harvest Partnership LLP v Centaur Services [2010] EWHC 330 (Ch) severely restricts the ability of landlords to rely on the covenant strength of existing guarantors to guarantee the performance of subsequent assignees.
590 ## - LOCAL NOTE (RLIN)
Local note KA
650 24 - SUBJECT ADDED ENTRY--TOPICAL TERM
Topical term or geographic name entry element GOLDACRE (OFFICES) LTD V NORTEL NETWORKS UK LTD
650 24 - SUBJECT ADDED ENTRY--TOPICAL TERM
Topical term or geographic name entry element LINPAC V AVIVA
650 24 - SUBJECT ADDED ENTRY--TOPICAL TERM
Topical term or geographic name entry element CLARENCE HOUSE LTD V NATIONAL WESTMINSTER BANK PLC
650 24 - SUBJECT ADDED ENTRY--TOPICAL TERM
Topical term or geographic name entry element GOOD HARVEST PARTNERSHIP LLP V CENTAUR SERVICES LTD
651 #4 - SUBJECT ADDED ENTRY--GEOGRAPHIC NAME
Geographic name England and Wales
Chronological subdivision 1543-
690 ## - LOCAL SUBJECT ADDED ENTRY--TOPICAL TERM (OCLC, RLIN)
Topical term or geographic name as entry element PROPERTY-COMMERCIAL PROPERTY-LEASEHOLD COMMERCIAL PROPERTY-COMMERCIAL LANDLORD AND TENANT
700 1# - ADDED ENTRY--PERSONAL NAME
Personal name Price, Charlotte
942 ## - ADDED ENTRY ELEMENTS (KOHA)
Suppress in OPAC 0
Holdings
Withdrawn status Lost status Source of classification or shelving scheme Damaged status Not for loan Home library Current library Shelving location Date acquired Total Checkouts Full call number Barcode Date last seen Copy number Price effective from Koha item type
    Dewey Decimal Classification     London London Journal article 12/07/2010   L150421 150421-1001 06/08/2019 1 06/08/2019 Journal article